00351nam a2200121 a 4500008004100000050001500041100002200056245006000078250001500138260004500153300002200198350000900220120416s1919 ||||||||||||||||| || u aQA 303 Lam aLamb, Horace, Sir13aAn elementary course of infinite infinitesimal calculus a3rd. rev e aLondonbCambridge University Pressc1919 axiv, 530p. : ill. a0.00